000 00863cam a2200217 4500
001 WB3616-41
008 000000n2000 000 0 eng u
035 _a(Sirsi) u105582
245 _aE-commerce revolution
260 _c2000
490 _aBuilding
_v265(8133) 20 April 2000, 10(1)
520 _aConstruction industry and government representatives have met to draw up a blueprint for adopting electronic trading. the National Computing Centre chose construction for the pilot because it has a complicated supply chain and some experience of electronic trading.
590 _aWB
650 _aELECTRONIC TRADING
650 _aCONSTRUCTION INDUSTRY
650 0 _aNATIONAL COMPUTING CENTRE
650 0 _aCONSTRUCTION INDUSTRY COMPUTING ASSOCIATION
650 _aDETR
690 _aMANAGEMENT-BUSINESS MANAGEMENT-INFORMATION MANAGEMENT
942 _n0
999 _c63263
_d63263